000 00350cam a22001337a 4500
008 180718bn.d. xxu||||| |||| 00| 0 eng d
082 _aZ211 K897f
100 _aKrishnamurthy, K.H.
245 _aHarad and baheda
_cby K.H. Krishnamurthy
260 _aDelhi
_bBooks For All
_cn.d.
300 _a128p.
650 _aMedicine
650 _aFamily medicine
999 _c400417
_d400417